[Event "Druzynowe Mistrzostwa Polski - II Liga 2023"]
[Site "Jastrzebia Gora"]
[Date "1899-12-30"]
[Round "1.80"]
[White "Kindler, Przemyslaw"]
[Black "Babiarz, Arkadiusz"]
[Result "1/2-1/2"]
[WhiteTitle "k"]
[BlackTitle "I++"]
[WhiteElo "1984"]
[BlackElo "2046"]

1. e4 c5 2. Nf3 e6 3. d4 cxd4 4. Nxd4 Nc6 5. Nc3 a6 6. Bc4 Bc5 7. Nb3 Ba7 8. Qg4
Nf6 9. Qg3 d5 10. exd5 exd5 11. Bd3 Qe7+ 12. Ne2 O-O 13. O-O Ne4 14. Bxe4 dxe4
15. Bf4 Qf6 16. Nc3 Bf5 17. Rfe1 Bg6 18. Nd2 Nd4 19. Ndxe4 Qc6 20. Rac1 Rfe8 21.
Nd6 Rxe1+ 22. Rxe1 Nxc2 23. Rd1 Nd4 24. Qh4 Bc5 25. Bg3 Bxd6 26. Qxd4 Bc5 27.
Qg4 Re8 28. h4 h5 29. Qg5 Be7 30. Qf4 Bf6 31. Nd5 Bxb2 32. Qb4 Qc2 33. Ne3 Qe2
34. Qxb7 Bf6 35. Rd6 Qxa2 36. Rxa6 Qb1+ 1/2-1/2

[Event "Druzynowe Mistrzostwa Polski - II Liga 2023"]
[Site "Jastrzebia Gora"]
[Date "1899-12-30"]
[Round "1.81"]
[White "Ziemniak, Piotr"]
[Black "Gumula, Daniel"]
[Result "1/2-1/2"]
[WhiteTitle "I+"]
[BlackTitle "FM"]
[WhiteElo "1793"]
[BlackElo "2146"]

1. e4 c5 2. Nf3 a6 3. d4 cxd4 4. Nxd4 Nf6 5. Bd3 Nc6 6. Nxc6 dxc6 7. O-O e5 8.
h3 Bc5 9. Nc3 h6 10. Qe2 O-O 11. Be3 Nd7 12. a3 Bxe3 13. Qxe3 Qg5 14. Qxg5 hxg5
15. b4 Rd8 16. Rad1 Kf8 17. Bc4 Ke7 18. Rd2 a5 19. Rfd1 axb4 20. axb4 Rh8 21.
b5 Nc5 22. f3 Ra3 23. Ne2 Ra4 24. Bb3 Rb4 25. bxc6 bxc6 26. Rd6 Rh6 27. Rxh6 gxh6
28. Nc1 Ba6 29. Kf2 Nxb3 30. Nxb3 Rc4 31. Rd2 Bb5 32. Nc1 Ba4 33. Nd3 Ke6 34.
Ne1 h5 35. Ke3 h4 36. Kd3 Bb5 37. Ke3 Rc3+ 38. Kf2 Ba4 39. Rd3 Rc4 40. Rd2 Bb5
41. g3 hxg3+ 42. Kxg3 Rc3 43. Kf2 Ba4 44. Rd3 Rc4 45. Rd2 f5 46. exf5+ Kxf5 47.
Ng2 Ke6 48. Ne1 c5 49. Re2 Kd5 50. Ng2 Kd6 51. Ne1 Rd4 52. Ke3 Rd1 53. Nd3 Bb5
54. Rg2 c4 55. Nf2 Re1+ 56. Kd2 Rf1 57. Ne4+ Ke6 58. Nxg5+ Kf5 59. Ke3 c3 60.
Ne4 Re1+ 61. Kf2 Re2+ 62. Kg3 Rxg2+ 63. Kxg2 Ba4 64. Kg3 Bxc2 65. Nxc3 Bd3 66.
Nd5 Kg5 67. Ne3 Be2 68. h4+ Kh5 69. Ng4 Bxf3 70. Nxe5 Bd1 71. Nd3 Kh6 72. Nf2
Be2 73. Ne4 Bd1 74. Ng5 Be2 75. Ne4 Bd1 76. Kh3 Be2 77. Ng3 Bd3 78. Kg4 Bc2 79.
Kf4 Bb1 80. Nf1 Kh5 81. Kg3 Bd3 82. Ne3 Be2 83. Nd5 Kh6 84. Nf6 Bd1 85. Kf4 Be2
86. Kf5 Bd3+ 87. Kg4 Be2+ 88. Kf4 Bd1 89. Ne4 Kh5 90. Kg3 Kh6 91. Nc3 Bb3 1/2-1/2

[Event "Druzynowe Mistrzostwa Polski - II Liga 2023"]
[Site "Jastrzebia Gora"]
[Date "1899-12-30"]
[Round "1.82"]
[White "Okrucinski, Tadeusz"]
[Black "Wozniak, Grzegorz"]
[Result "1-0"]
[WhiteTitle "FM"]
[BlackTitle "I"]
[WhiteElo "2168"]
[BlackElo "1638"]

1. d4 Nf6 2. c4 e5 3. dxe5 Ng4 4. Nf3 Nc6 5. e3 Bb4+ 6. Bd2 Bxd2+ 7. Nbxd2 O-O
8. Be2 Ngxe5 9. O-O d6 10. Nd4 Qe7 11. N2b3 Bd7 12. Rc1 b6 13. Nb5 Rac8 14. N3d4
Nxd4 15. exd4 Bxb5 16. cxb5 Ng6 17. Bg4 f5 18. Bf3 Qf7 19. Qb3 Qxb3 20. axb3 c5
21. bxc6 Rc7 22. b4 Nf4 23. b5 Re8 24. Rfe1 Kf8 25. g3 Ne6 26. Red1 Rce7 27. Ra1
Nc7 28. Rxa7 Nxb5 29. Rb7 Nc7 30. Kg2 b5 31. Ra1 Ne6 32. Rxb5 Nxd4 33. Rd5 Nxf3
34. Rxf5+ Rf7 35. Rxf7+ Kxf7 36. Kxf3 Rc8 37. Ra7+ Kf6 38. c7 Ke5 39. b4 Kd5 40.
b5 Kc5 41. Rb7 1-0

[Event "Druzynowe Mistrzostwa Polski - II Liga 2023"]
[Site "Jastrzebia Gora"]
[Date "1899-12-30"]
[Round "1.83"]
[White "Wasik, Roman"]
[Black "Hiszczynski, Jakub"]
[Result "0-1"]
[WhiteTitle "I"]
[BlackTitle "I++"]
[WhiteElo "1381"]
[BlackElo "1858"]

1. Nf3 Nf6 2. d4 g6 3. c4 Bg7 4. Nc3 O-O 5. e4 d6 6. Be2 e5 7. O-O Nc6 8. d5 Ne7
9. b4 Ne8 10. a4 f5 11. Ng5 Nf6 12. f3 Kh8 13. c5 h6 14. Ne6 Bxe6 15. dxe6 d5
16. exd5 Nfxd5 17. Nxd5 Qxd5 18. Qxd5 Nxd5 19. b5 c6 20. bxc6 bxc6 21. Ba6 Rab8
22. Ba3 Rfe8 23. Rab1 Bf6 24. Rb7 Rxb7 25. Bxb7 Rxe6 26. Rd1 Nf4 27. Rd6 Be7 28.
Rd2 e4 29. fxe4 fxe4 30. Bc8 e3 31. Bxe6 exd2 32. Bg4 Nd3 33. Kf1 Bxc5 34. Bxc5
Nxc5 35. Ke2 Nxa4 36. Bd7 Nc5 37. Bxc6 Kg7 38. Kxd2 Kf6 39. Ke3 Ke5 40. Be8 g5
41. Kf3 a5 42. h4 a4 43. hxg5 hxg5 44. Ke3 a3 45. Bf7 Ne6 0-1

[Event "Druzynowe Mistrzostwa Polski - II Liga 2023"]
[Site "Jastrzebia Gora"]
[Date "1899-12-30"]
[Round "1.84"]
[White "Kindler, Karolina"]
[Black "Szelag, Zuzanna"]
[Result "1/2-1/2"]
[WhiteTitle "I++"]
[BlackTitle "k"]
[WhiteElo "1808"]
[BlackElo "1783"]

1. d4 d5 2. Nf3 e6 3. c4 a6 4. Nc3 Nf6 5. Bg5 dxc4 6. a4 Nc6 7. e3 Na5 8. Nd2 h6
9. Bh4 Be7 10. Nxc4 Nxc4 11. Bxc4 c5 12. dxc5 Qa5 13. O-O Qxc5 14. Qb3 O-O 15.
Bxf6 Bxf6 16. Ne4 Qe5 17. Nxf6+ Qxf6 18. Rfd1 e5 19. Rd2 Rb8 20. Rad1 Bg4 21.
Be2 Be6 22. Bc4 Bg4 23. Be2 Be6 24. Bc4 1/2-1/2

[Event "Druzynowe Mistrzostwa Polski - II Liga 2023"]
[Site "Jastrzebia Gora"]
[Date "1899-12-30"]
[Round "1.86"]
[White "Jarzebowski, Kacper"]
[Black "Kaim, Piotr"]
[Result "1-0"]
[WhiteTitle "k+"]
[BlackTitle "m"]
[WhiteElo "2145"]
[BlackElo "2161"]

1. e4 e5 2. Nf3 Nc6 3. Bb5 Nf6 4. O-O Bc5 5. Nxe5 Nxe5 6. d4 c6 7. dxe5 Nxe4 8.
Bd3 d5 9. exd6 Nf6 10. Re1+ Be6 11. Nc3 Qxd6 12. Bg5 O-O-O 13. Bxf6 gxf6 14. Ne4
Qd4 15. Nxc5 Qxc5 16. Qf3 Qd4 17. Qe3 f5 18. Rad1 Qxe3 19. Rxe3 Rd4 20. Rde1 h5
21. Rf3 f4 22. Re4 Rxe4 23. Bxe4 Rd8 24. Bd3 Rd4 25. g3 Bd5 26. Rxf4 Rxf4 27.
gxf4 Bxa2 28. h4 Bb1 29. Kf1 a5 30. Ke1 a4 31. Kd2 Ba2 32. Kc3 Bd5 33. Be2 c5
34. Bb5 Kd8 35. Bxa4 Ke7 36. Bb5 Kf6 37. Bd3 Be6 38. Be4 b5 39. b4 c4 40. Kd4
Bf5 41. Bc6 Bxc2 42. Bxb5 Kf5 43. Bxc4 Ba4 44. Be2 Kxf4 45. Bxh5 1-0

[Event "Druzynowe Mistrzostwa Polski - II Liga 2023"]
[Site "Jastrzebia Gora"]
[Date "1899-12-30"]
[Round "1.87"]
[White "Markowski, Damian"]
[Black "Maciaszek, Karol"]
[Result "1-0"]
[WhiteTitle "FM"]
[BlackTitle "I"]
[WhiteElo "2098"]
[BlackElo "1889"]

1. d4 Nf6 2. Nf3 d5 3. Bf4 c5 4. e3 Nc6 5. Nbd2 Bf5 6. c3 Qb6 7. Nh4 Bg4 8. Qb3
c4 9. Qc2 e6 10. h3 Bh5 11. g4 Bg6 12. Nxg6 hxg6 13. Bg2 Qd8 14. b3 cxb3 15. Qxb3
Qd7 16. Rb1 b6 17. Qa4 Rc8 18. O-O Bd6 19. Bxd6 Qxd6 20. Rfc1 Qd7 21. c4 Na5 22.
Qxd7+ Kxd7 23. g5 Nh7 24. cxd5 Nxg5 25. dxe6+ Nxe6 26. f4 Rhe8 27. Kf2 f6 28.
Be4 Nf8 29. Bd3 Ke7 30. Ba6 Rxc1 31. Rxc1 Ne6 32. Bd3 Kf7 33. Nf3 Re7 34. Nh4
Nf8 35. Rc8 Rd7 36. Bb5 Rb7 37. Be8+ Ke7 38. Nxg6+ Nxg6 39. Bxg6 b5 40. Be4 Rd7
41. Rb8 a6 42. Ra8 Rd6 43. Ra7+ Kf8 44. Bg6 Nc4 45. Rf7+ Kg8 46. Re7 Rd8 47. Ra7
a5 48. Ke2 Kf8 49. Bd3 Rb8 50. a4 Na3 51. axb5 Nxb5 52. Rxa5 1-0

[Event "Druzynowe Mistrzostwa Polski - II Liga 2023"]
[Site "Jastrzebia Gora"]
[Date "1899-12-30"]
[Round "1.88"]
[White "Kicinski, Jacek"]
[Black "Warszawski, Bartosz"]
[Result "1-0"]
[WhiteTitle "I+"]
[BlackTitle "m"]
[WhiteElo "1929"]
[BlackElo "2159"]

1. d4 Nf6 2. Nf3 e6 3. Bg5 h6 4. Bh4 c5 5. e3 cxd4 6. exd4 b6 7. Nbd2 Be7 8. Bd3
Bb7 9. O-O O-O 10. c3 Nh5 11. Bxe7 Qxe7 12. Ne5 Nf4 13. Be4 Bxe4 14. Nxe4 d6 15.
Nd3 Nxd3 16. Qxd3 d5 17. Nd2 Nc6 18. f4 Qf6 19. Rae1 Ne7 20. Re3 b5 21. g4 b4
22. Nf3 bxc3 23. bxc3 Qxf4 24. Ne5 Qg5 25. h4 Qxh4 26. Rh3 Qg5 27. Rh5 Qxh5 28.
gxh5 Rac8 29. Rb1 Rc7 30. Rb3 Nf5 31. a4 Rfc8 32. a5 Nd6 33. Qb1 Ne4 34. Rb8 Nxc3
35. Rxc8+ Rd7 36. Rb8+ 1-0

[Event "Druzynowe Mistrzostwa Polski - II Liga 2023"]
[Site "Jastrzebia Gora"]
[Date "1899-12-30"]
[Round "1.89"]
[White "Chalupnik, Marcin"]
[Black "Rajlich, Vaclav"]
[Result "1-0"]
[WhiteTitle "k++"]
[BlackTitle "I"]
[WhiteElo "2085"]
[BlackElo "1596"]

1. e4 c5 2. Nf3 g6 3. d4 cxd4 4. Nxd4 Nc6 5. c4 Bg7 6. Nc2 Nf6 7. Nc3 O-O 8. Be2
d6 9. O-O Be6 10. Be3 Rc8 11. Rc1 Qa5 12. f4 Nb4 13. Nxb4 Qxb4 14. b3 a6 15. Bd4
b5 16. f5 Bd7 17. fxg6 fxg6 18. Kh1 Be6 19. Nd5 Bxd5 20. exd5 Bh6 21. Ra1 Bg7
22. Qd3 Nd7 23. Bg4 Ne5 24. Bxe5 Bxe5 25. Bxc8 Bxa1 26. Be6+ Kg7 27. Rxa1 bxc4
28. Qd4+ 1-0

[Event "Druzynowe Mistrzostwa Polski - II Liga 2023"]
[Site "Jastrzebia Gora"]
[Date "1899-12-30"]
[Round "1.90"]
[White "Kicinska, Magdalena"]
[Black "Zajkowska, Olga"]
[Result "1-0"]
[WhiteTitle "I++"]
[BlackTitle "k"]
[WhiteElo "1499"]
[BlackElo "1809"]

1. d4 Nf6 2. Nf3 g6 3. c4 Bg7 4. g3 O-O 5. Bg2 d6 6. O-O Nbd7 7. Nc3 c6 8. e4 e5
9. Re1 Re8 10. h3 Qc7 11. Be3 a6 12. d5 cxd5 13. cxd5 Nc5 14. Rc1 Qe7 15. Bxc5
dxc5 16. Na4 c4 17. Nb6 Rb8 18. Rxc4 Nd7 19. Qb3 Nxb6 20. Qxb6 f5 21. Rc7 Qf8
22. Qa7 fxe4 23. Ng5 Bf5 24. g4 Qf6 25. Nf7 e3 26. g5 1-0

[Event "Druzynowe Mistrzostwa Polski - II Liga 2023"]
[Site "Jastrzebia Gora"]
[Date "1899-12-30"]
[Round "1.91"]
[White "Kutowski, Marcel"]
[Black "Markiewicz, Jerzy"]
[Result "1/2-1/2"]
[WhiteTitle "k"]
[BlackTitle "FM"]
[WhiteElo "2170"]
[BlackElo "2159"]

1. e4 c5 2. Nf3 Nc6 3. Nc3 g6 4. Bb5 Bg7 5. O-O Nd4 6. Nxd4 cxd4 7. Ne2 Nf6 8.
d3 O-O 9. Ba4 d5 10. e5 Nd7 11. Bxd7 Bxd7 12. f4 Qb6 13. b3 f6 14. exf6 Bxf6 15.
Bb2 Rac8 16. Qd2 Bg4 17. h3 Bxe2 18. Qxe2 Rc6 19. Qf2 Rfc8 20. Rac1 Qc7 21. Qf3
e6 22. Rf2 b5 23. Re2 Bg7 24. Qg4 Qf7 25. Ba3 a5 26. b4 a4 27. Bb2 a3 28. Ba1
Qf5 29. Qf3 g5 30. Rce1 gxf4 31. Qf2 e5 32. Qf3 Qf7 33. Rxe5 Bxe5 34. Rxe5 Re8
35. Rxe8+ Qxe8 36. Qxd5+ Qe6 37. Qg5+ Qg6 38. Qd8+ Kf7 39. Qd7+ Kg8 40. Bxd4 Rxc2
41. Qd5+ Kf8 42. Bc5+ Kg7 43. Qd7+ Kh6 44. Bf8+ Kh5 45. Qd5+ Qg5 46. Qf7+ Qg6
47. Qd5+ Qg5 48. Qf7+ Qg6 49. Qd5+ 1/2-1/2

[Event "Druzynowe Mistrzostwa Polski - II Liga 2023"]
[Site "Jastrzebia Gora"]
[Date "1899-12-30"]
[Round "1.92"]
[White "Zaskalski, Arkadiusz"]
[Black "Wilk, Igor"]
[Result "1/2-1/2"]
[WhiteTitle "k"]
[BlackTitle "I++"]
[WhiteElo "2085"]
[BlackElo "2166"]

1. c4 e6 2. Nf3 Nf6 3. g3 d5 4. d4 Be7 5. Bg2 O-O 6. O-O dxc4 7. Ne5 Nc6 8. Nxc6
bxc6 9. Na3 Bxa3 10. bxa3 Rb8 11. Bxc6 Bb7 12. Bxb7 Rxb7 13. a4 Qd5 14. Ba3 Rfb8
15. Rc1 h5 16. Qc2 Ne4 17. Rfd1 h4 18. f3 Nf6 19. gxh4 g6 20. Qxc4 Qh5 21. Qc5
Qxh4 22. Qe5 Nd5 23. Qg3 Qh6 24. Qf2 Kg7 25. Kh1 Rh8 26. e4 Nf6 27. d5 e5 28.
d6 Qf4 29. Kg1 cxd6 30. Rxd6 Rh3 31. Rf1 Rc7 32. Bb4 Rc1 33. Be1 Rxe1 34. Rxe1
Rxf3 35. Qd2 Qh4 36. Qe2 Rf4 37. Rf1 Rg4+ 38. Kh1 Nh5 39. Rd3 Nf4 40. Qf3 Rg2
41. Qxf4 exf4 42. Kxg2 Qg4+ 43. Kf2 Qe6 44. Re1 Qxa2+ 45. Re2 Qxa4 46. Kf3 Qc4
47. Red2 Qc7 48. Rd6 g5 49. h4 Qc5 50. R6d4 gxh4 51. Kxf4 Qh5 52. Rg2+ Kf8 53.
Rd5 Qh6+ 54. Kf3 Qf6+ 55. Rf5 Qc3+ 56. Kg4 Qe3 57. Rf4 Ke8 58. Kf5 h3 59. Rg8+
Ke7 60. Rh8 f6 61. Rh7+ Kd6 62. Kg4 Qg1+ 63. Kf3 Qg2+ 64. Ke3 Qg3+ 65. Rf3 Qe1+
66. Kd3 Qb1+ 67. Ke3 Qc1+ 68. Kd3 Qa3+ 69. Ke2 Qb2+ 70. Ke3 Qc3+ 71. Ke2 Qc2+
72. Ke3 Qc1+ 73. Kd3 Qd1+ 74. Ke3 Qe1+ 75. Kd3 Qb1+ 1/2-1/2

[Event "Druzynowe Mistrzostwa Polski - II Liga 2023"]
[Site "Jastrzebia Gora"]
[Date "1899-12-30"]
[Round "1.93"]
[White "Sadzikowski, Marian"]
[Black "Augustyn, Sebastian"]
[Result "0-1"]
[WhiteTitle "I+"]
[BlackTitle "k"]
[WhiteElo "1706"]
[BlackElo "2046"]

1. e4 c5 2. f4 g6 3. Nf3 Bg7 4. d3 Nc6 5. c3 Nf6 6. Be2 O-O 7. O-O d6 8. Qe1 c4
9. Nbd2 cxd3 10. Bxd3 b5 11. Nb3 b4 12. Bd2 a5 13. Nbd4 Qb6 14. Kh1 bxc3 15. bxc3
Ba6 16. Bxa6 Qxa6 17. e5 dxe5 18. Nxc6 Qxc6 19. Nxe5 Qc7 20. Rc1 Nd7 21. Nxd7
Qxd7 22. c4 Qa4 23. Bc3 Bxc3 24. Qxc3 Rac8 25. Qb3 Qc6 26. Qb5 Qc5 27. Qxc5 Rxc5
28. Rfe1 Rd8 29. Kg1 Rd4 30. Rxe7 Rcxc4 31. Rxc4 Rxc4 32. Re5 Ra4 33. f5 gxf5
34. Re2 Kg7 35. Kf2 Kf6 36. Kf3 Ra3+ 37. Kf4 h5 38. Rc2 Ra4+ 39. Ke3 h4 40. Kd3
Ke5 41. Kc3 f4 42. Kb3 Rb4+ 43. Kc3 h3 44. Kd3 Rd4+ 45. Kc3 hxg2 46. Re2+ Re4
47. Rxg2 f3 48. Rf2 Kf4 49. h4 Ke3 50. Rh2 f2 0-1

[Event "Druzynowe Mistrzostwa Polski - II Liga 2023"]
[Site "Jastrzebia Gora"]
[Date "1899-12-30"]
[Round "1.94"]
[White "Draganik, Grzegorz"]
[Black "Skorupka, Arkadiusz"]
[Result "1-0"]
[WhiteTitle "I"]
[BlackTitle "II"]
[WhiteElo "1858"]
[BlackElo "1472"]

1. e4 c5 2. Nc3 Nc6 3. Bb5 g6 4. Bxc6 bxc6 5. d3 Bg7 6. Nge2 e5 7. Be3 d6 8. Qd2
Ne7 9. Bh6 O-O 10. Bxg7 Kxg7 11. O-O f5 12. f4 exf4 13. Nxf4 g5 14. Nfe2 f4 15.
d4 Qb6 16. dxc5 Qxc5+ 17. Kh1 Ba6 18. Rad1 Rf6 19. Qd4 Qxd4 20. Rxd4 c5 21. Rd2
Rd8 22. Rfd1 Re6 23. Kg1 Bxe2 24. Rxe2 d5 25. exd5 Rxe2 26. Nxe2 Rxd5 27. Re1
Rd2 28. Nxf4 gxf4 29. Rxe7+ Kf6 30. Rxa7 Rxc2 31. Rb7 h6 32. a4 Rc4 33. a5 Ra4
34. Rb5 c4 35. Kf2 Kg6 36. Ke2 Ra1 37. Rb6+ Kg5 38. a6 h5 39. Kf3 Rf1+ 40. Ke2
Ra1 41. Kd2 Kg4 42. Rg6+ Kf5 43. Rc6 Kg4 44. Rxc4 Rxa6 45. g3 Kh3 46. Rxf4 Kxh2
47. Rh4+ Kxg3 48. Rxh5 Rd6+ 49. Kc3 Kf4 50. b4 Ke4 51. b5 Rd1 52. Kb4 Kd4 53.
b6 Rb1+ 54. Ka5 Ra1+ 55. Kb5 Rb1+ 56. Kc6 Rc1+ 57. Kb7 Rg1 58. Ka7 Ra1+ 59. Kb8
Rb1 60. b7 Rg1 61. Ka7 Ra1+ 62. Kb6 Kc4 63. b8=Q Rb1+ 1-0

[Event "Druzynowe Mistrzostwa Polski - II Liga 2023"]
[Site "Jastrzebia Gora"]
[Date "1899-12-30"]
[Round "1.95"]
[White "Balis, Sebastian"]
[Black "Mirowska, Oliwia"]
[Result "0-1"]
[WhiteTitle "II+"]
[BlackTitle "k"]
[WhiteElo "1484"]
[BlackElo "1976"]

1. e4 c5 2. Nf3 d6 3. d4 cxd4 4. Nxd4 Nf6 5. Nc3 a6 6. Be2 g6 7. O-O Bg7 8. Bg5
b5 9. Nd5 e6 10. Bxf6 Bxf6 11. Nxf6+ Qxf6 12. c3 Bb7 13. Bf3 Nd7 14. a4 e5 15.
Nb3 Nc5 16. Na5 Rb8 17. axb5 axb5 18. Nxb7 Nxb7 19. Qd5 O-O 20. Ra7 Nc5 21. Rd1
Rfd8 22. h3 Ne6 23. Rb7 Rxb7 24. Qxb7 Ng5 25. Rd3 Qf4 26. Re3 Kg7 27. Qxb5 Ra8
28. Qf1 Ra2 29. Qb1 Ra4 30. b4 Qf6 31. Bd1 Ra8 32. Bb3 Qe7 33. Bd5 Rb8 34. Qa2
h5 35. Qa5 Nh7 36. b5 Nf6 37. Bc6 g5 38. c4 g4 39. b6 Qd8 40. Rb3 gxh3 41. gxh3
Qc8 42. Qa7 h4 43. Qc7 Qg8 44. Qxd6 Rd8 45. Qxe5 Kh8+ 46. Kh2 Qg7 47. b7 Ng4+
48. hxg4 Qxe5+ 49. Kh1 Qf4 50. Bd5 Rb8 51. Rb1 Qf3+ 52. Kh2 Qxf2+ 53. Kh1 Qf3+
54. Kh2 Qg3+ 55. Kh1 Qxg4 56. Kh2 Qg3+ 57. Kh1 Rg8 58. Rg1 Qh3# 0-1

[Event "Druzynowe Mistrzostwa Polski - II Liga 2023"]
[Site "Jastrzebia Gora"]
[Date "1899-12-30"]
[Round "1.96"]
[White "Jalowiec, Halina"]
[Black "Salamon, Julia"]
[Result "1-0"]
[WhiteTitle "WFM"]
[BlackTitle "I++"]
[WhiteElo "1773"]
[BlackElo "1814"]

1. e4 c5 2. Nf3 e6 3. d4 cxd4 4. Nxd4 Nf6 5. Nc3 Nc6 6. a3 Be7 7. Be3 O-O 8. Qe2
d5 9. O-O-O e5 10. Nxc6 bxc6 11. exd5 cxd5 12. Bg5 Be6 13. Qxe5 Qc8 14. Be2 Rb8
15. Rd3 Qb7 16. Nd1 Rfc8 17. Kb1 Qd7 18. Bf4 Bf5 19. Rc3 Rxc3 20. Nxc3 Rb6 21.
Bb5 Qe6 22. Qxe6 Rxe6 23. Rd1 a6 24. Bd3 Bxd3 25. Rxd3 Bd6 26. Nxd5 Bxf4 27. Nxf4
Re1+ 28. Ka2 g5 29. Nd5 Nxd5 30. Rxd5 Re2 31. Rxg5+ Kf8 32. c4 Rxf2 33. Kb3 Ke7
34. Kc3 h6 35. Rg3 h5 36. b4 h4 37. Re3+ Kd7 38. Rd3+ Kc6 39. Rd2 Rf1 40. a4 Rc1+
41. Kb3 Rb1+ 42. Rb2 Re1 43. c5 Re4 44. Kc3 Re3+ 45. Kd4 Re1 46. b5+ axb5 47.
axb5+ Kb7 48. Rf2 Rd1+ 49. Ke4 Rb1 50. Rxf7+ Kc8 51. Kd5 1-0

[Event "Druzynowe Mistrzostwa Polski - II Liga 2023"]
[Site "Jastrzebia Gora"]
[Date "1899-12-30"]
[Round "1.97"]
[White "Kaczmarek, Aleksander"]
[Black "Osinski, Emil"]
[Result "1-0"]
[WhiteTitle "FM"]
[BlackTitle "k"]
[WhiteElo "2276"]
[BlackElo "2157"]

1. e4 c5 2. Nf3 Nc6 3. b4 cxb4 4. d4 d5 5. exd5 Qxd5 6. c4 bxc3 7. Nxc3 Qa5 8.
d5 e6 9. Qd2 Bb4 10. Bb2 exd5 11. a3 Be7 12. Nxd5 Qxd2+ 13. Nxd2 Kf8 14. Bc4 Bd6
15. O-O Bf5 16. Rfe1 h5 17. a4 Nge7 18. Ne4 Bxe4 19. Rxe4 Nxd5 20. Bxd5 Ne7 21.
Bb3 Rc8 22. Rd1 Rh6 23. g3 a5 24. Red4 Rc6 25. Rf4 f5 26. Rf3 h4 27. Ba3 g5 28.
Bc1 hxg3 29. hxg3 Rg6 30. g4 f4 31. Rh3 Ke8 32. Rh7 Kd7 33. Bf7 Rxc1 34. Rxc1
Rf6 35. Bc4 Bb4 36. Bb5+ Kd6 37. Rd1+ Ke5 38. Kf1 f3 39. Re1+ Bxe1 40. Rxe7+ Kf4
41. Kxe1 Kxg4 42. Rxb7 Re6+ 43. Kd2 Rd6+ 44. Ke3 Re6+ 45. Kd4 Rd6+ 46. Kc3 Kh3
47. Bd3 Kg2 48. Rg7 Kxf2 49. Rxg5 Rc6+ 50. Bc4 Ke3 51. Rxa5 1-0

[Event "Druzynowe Mistrzostwa Polski - II Liga 2023"]
[Site "Jastrzebia Gora"]
[Date "1899-12-30"]
[Round "1.98"]
[White "Walentukiewicz, Michal"]
[Black "Suliborski, Jakub"]
[Result "0-1"]
[WhiteTitle "CM"]
[BlackTitle "k"]
[WhiteElo "2074"]
[BlackElo "2218"]

1. c4 e6 2. g3 d5 3. Bg2 a6 4. cxd5 exd5 5. Nf3 Bd6 6. O-O Ne7 7. Nc3 h5 8. d3
Nbc6 9. e4 dxe4 10. dxe4 Bg4 11. h3 Bxf3 12. Qxf3 h4 13. g4 Ng6 14. Be3 Qe7 15.
Rfd1 f6 16. Kf1 Nge5 17. Qe2 g5 18. Nd5 Qf7 19. a3 Ne7 20. Rac1 N7g6 21. b4 O-O
22. a4 c6 23. Nb6 Rad8 24. b5 axb5 25. axb5 Bc7 26. bxc6 bxc6 27. Rxd8 Rxd8 28.
Nc4 Nd3 29. Rc3 Ndf4 30. Bxf4 Nxf4 31. Qc2 Ra8 32. Ra3 Rxa3 33. Nxa3 Qd7 34. e5
Bxe5 35. Bxc6 Qd4 36. Qb3+ Kf8 37. Nb1 Nxh3 38. Qxh3 Qc4+ 39. Kg2 Qxc6+ 40. Qf3
h3+ 0-1

[Event "Druzynowe Mistrzostwa Polski - II Liga 2023"]
[Site "Jastrzebia Gora"]
[Date "1899-12-30"]
[Round "1.99"]
[White "Fronczak, Sebastian"]
[Black "Bienias, Piotr"]
[Result "1-0"]
[WhiteTitle "I"]
[BlackTitle "I++"]
[WhiteElo "1981"]
[BlackElo "1934"]

1. e4 c5 2. Nf3 Nc6 3. d4 cxd4 4. Nxd4 e5 5. Nb5 d6 6. N1c3 a6 7. Na3 Be7 8. Nd5
Nf6 9. Nxf6+ Bxf6 10. Nc4 Be7 11. Be3 b5 12. Nb6 Rb8 13. Nd5 O-O 14. Qd2 Be6 15.
Rd1 Bxd5 16. Qxd5 Qc8 17. c3 Rd8 18. Be2 Na5 19. O-O Nc4 20. Bc1 Nb6 21. Qb3 Qc6
22. Rfe1 Bf6 23. Qc2 d5 24. exd5 Nxd5 25. Bf3 Qc4 26. Qe4 Qxe4 27. Bxe4 Nf4 28.
Kf1 h5 29. g3 Ne6 30. Ke2 Nc5 31. Bc2 e4 32. Be3 Na4 33. Bc1 Re8 34. Bxa4 bxa4
35. a3 Rb5 36. Rd6 a5 37. Red1 h4 38. R1d5 Reb8 39. Rxb5 Rxb5 40. Rc6 h3 41. Rc4
Re5 42. Rxa4 Be7 43. b4 f5 44. Rxa5 Re6 45. Rxf5 Rc6 46. Bd2 Bf6 47. a4 Bxc3 48.
Rc5 Rxc5 49. bxc5 Be5 50. Bf4 1-0

[Event "Druzynowe Mistrzostwa Polski - II Liga 2023"]
[Site "Jastrzebia Gora"]
[Date "1899-12-30"]
[Round "1.100"]
[White "Antoniewicz, Jakub"]
[Black "Adamski, Adam"]
[Result "1-0"]
[WhiteTitle "I"]
[BlackTitle "I"]
[WhiteElo "1950"]
[BlackElo "1761"]

1. d4 Nf6 2. Nf3 g6 3. c4 Bg7 4. Nc3 d6 5. e4 O-O 6. h3 Nc6 7. Be3 e5 8. d5 Ne7
9. g4 c6 10. Be2 Qa5 11. Nd2 cxd5 12. cxd5 Bd7 13. Nc4 Qc7 14. a4 Nc8 15. Rc1
Qb8 16. Qb3 b6 17. f3 Ne8 18. h4 Nc7 19. Na3 a6 20. Qc4 b5 21. Ncxb5 Nxb5 22.
axb5 axb5 23. Nxb5 Nb6 24. Qb4 Rc8 25. O-O Bf8 26. b3 Be7 27. Nxd6 Bxd6 28. Qxb6
Qxb6 29. Bxb6 Rxc1 30. Rxc1 Ba3 31. Rc7 Rb8 32. Ba7 Ra8 33. Rxd7 Rxa7 34. Rxa7
Bc5+ 35. Kf1 Bxa7 36. Bb5 Bc5 37. Ke2 Kf8 38. Kd3 Ke7 39. Kc4 Kd6 40. Be8 f6 41.
Kb5 Bf2 42. h5 gxh5 43. gxh5 Be1 44. b4 h6 45. Kc4 Bf2 46. b5 Bc5 47. Kd3 Bb6
48. Ke2 Bd8 49. Bc6 Bb6 50. Kf1 Bc5 51. Kg2 Ke7 52. Kg3 f5 53. exf5 Kf6 54. Bd7
Bb6 55. Kg4 Ke7 56. Bc6 Bc5 57. Kg3 Bb6 58. Kg2 Bd8 59. Kf2 Kd6 60. Ke3 Kc5 61.
Ke4 Bf6 62. Kd3 Bg7 63. f6 Bxf6 64. Ke4 Kd6 65. b6 Bd8 66. b7 Bc7 67. Kf5 Ke7
68. Kg6 Bd6 69. Kxh6 Kf6 70. Bd7 1-0

[Event "Druzynowe Mistrzostwa Polski - II Liga 2023"]
[Site "Jastrzebia Gora"]
[Date "1899-12-30"]
[Round "1.101"]
[White "Basiaga, Sebastian"]
[Black "Jankowski, Aleksander"]
[Result "0-1"]
[WhiteTitle "I"]
[BlackTitle "I"]
[WhiteElo "1856"]
[BlackElo "1679"]

1. e4 c5 2. Nf3 Nc6 3. Bb5 g6 4. O-O Bg7 5. c3 e5 6. d3 Nge7 7. a4 O-O 8. Be3 d6
9. h3 f5 10. exf5 gxf5 11. Bg5 Kh8 12. Nh4 f4 13. Qh5 Qe8 14. Qxe8 Rxe8 15. Bxe7
Rxe7 16. Nd2 Bf6 17. Nhf3 Rg7 18. Kh2 Bf5 19. Ne4 Be7 20. Bc4 Rg6 21. Bd5 Rd8
22. Rfe1 Be6 23. Bxe6 Rxe6 24. Neg5 Bxg5 25. Nxg5 Re7 26. Ne4 b6 27. Nd2 Rg8 28.
Re2 Reg7 29. Rg1 Re7 30. Rge1 Rge8 31. g3 fxg3+ 32. fxg3 Rf8 33. Kg2 Ref7 34.
Rf1 Rxf1 35. Nxf1 Kg7 36. Ne3 Kf7 37. Rf2+ Ke8 38. Rf5 Rxf5 39. Nxf5 Kd7 40. Kf3
Ke6 41. g4 d5 42. h4 a6 43. Ng3 b5 44. axb5 axb5 45. Ne2 b4 46. cxb4 Nxb4 47.
Ke3 Nc6 48. Kf3 Na5 49. Nc3 c4 50. dxc4 Nxc4 51. b4 Nd6 52. Ne2 d4 53. Nc1 Kd5
54. g5 e4+ 55. Kf2 Kc4 56. h5 Nf7 57. g6 hxg6 58. hxg6 Nh6 59. g7 Kxb4 60. Ke2
Kc3 61. Kd1 d3 62. Na2+ Kd4 63. Nc1 e3 64. Na2 Ng8 65. Nb4 Kc4 66. Na2 Nf6 67.
Nc1 Kd4 68. Nb3+ Kc3 69. Nc1 Ng8 70. Na2+ Kd4 71. Nc1 Ke4 72. Nb3 Nf6 73. Ke1
Kf3 74. Kf1 d2 75. Nd4+ Ke4 0-1

[Event "Druzynowe Mistrzostwa Polski - II Liga 2023"]
[Site "Jastrzebia Gora"]
[Date "1899-12-30"]
[Round "1.102"]
[White "Jankowska, Julia"]
[Black "Rudnik, Anna"]
[Result "1/2-1/2"]
[WhiteTitle "I++"]
[BlackTitle "I++"]
[WhiteElo "1748"]
[BlackElo "1800"]

1. d4 d5 2. c4 e6 3. Nf3 Nf6 4. g3 c6 5. Qc2 Bd6 6. Nbd2 O-O 7. Bg2 Nbd7 8. O-O
Re8 9. Rd1 Qe7 10. e4 dxe4 11. Nxe4 Nxe4 12. Qxe4 h6 13. Qd3 Nf6 14. h3 Rd8 15.
Be3 Bc7 16. Qb3 Rb8 17. Rac1 a6 18. Ne5 Nd7 19. Bf4 Nxe5 20. Bxe5 Kh8 21. Qe3
Bxe5 22. dxe5 Bd7 23. Rd6 Be8 24. Rcd1 b6 25. Qa3 Rdc8 26. Qxa6 Qg5 27. Re1 Qe7
28. Red1 Qc7 29. Qa3 Ra8 30. Qb3 Ra5 31. f4 Qa7 32. Rd8 b5+ 33. Kh2 bxc4 34. Qxc4
Rxd8 35. Rxd8 Qe7 36. Rb8 Kh7 37. Be4+ g6 38. a3 Rb5 39. Rxb5 cxb5 40. Qc8 Kg7
41. Bg2 h5 42. h4 Bd7 43. Qc7 Qe8 44. Bf3 Kg8 45. b3 Kg7 46. Bg2 Kg8 47. Qb7 Kg7
48. Qa8 Qe7 49. Qa7 Qe8 50. Qc7 Kg8 51. Be4 Kg7 52. Qa7 Bc6 53. Qd4 Bxe4 54. Qxe4
Qd7 55. Qe2 Qd5 56. Qc2 Qa8 57. Qc1 Qa7 58. Qb2 Qa5 59. Qc1 Qa7 60. Qb2 Qa5 61.
Qc1 Qa7 1/2-1/2

[Event "Druzynowe Mistrzostwa Polski - II Liga 2023"]
[Site "Jastrzebia Gora"]
[Date "1899-12-30"]
[Round "1.103"]
[White "Taranowicz, Michal"]
[Black "Grzesik, Gracjan"]
[Result "1/2-1/2"]
[WhiteTitle "k"]
[BlackTitle "k"]
[WhiteElo "2092"]
[BlackElo "2149"]

1. e4 c5 2. Nf3 d6 3. d4 cxd4 4. Nxd4 Nf6 5. Nc3 a6 6. Bc4 e6 7. Bb3 Nbd7 8. Be3
Nc5 9. f3 Be7 10. Qd2 Qc7 11. g4 b5 12. g5 Nfd7 13. O-O-O b4 14. Na4 Rb8 15. h4
Ne5 16. Qh2 Nxb3+ 17. axb3 Bd7 18. Qg1 Bxa4 19. bxa4 b3 20. Kb1 bxc2+ 21. Nxc2
Nc4 22. Bc1 Nxb2 23. Bxb2 Qc3 24. Nb4 Rxb4 25. Qf2 O-O 26. Rd4 Rfb8 27. Rxb4 Qxb4
28. Rc1 Bd8 29. Qc2 Kf8 30. Ka2 Be7 31. Ba3 Qb7 32. Qc3 e5 33. Qd3 Qb6 34. Rd1
g6 35. Rd2 Qa5 36. Rc2 Kg7 37. f4 Bf8 38. Qc4 Qe1 1/2-1/2